000 00360nam a2200145Ia 4500
008 230917s9999||||xx |||||||||||||| ||und||
040 _e5681
_aMAIN
041 _aEnglish
082 _a574.1929 J795L
100 _aJost, Patricia C, ed.
245 0 _aLipid-protein interactions
260 _aNew York
_bJohn Wiley
_c1982
300 _axi, 307 p.
942 _cBK
999 _c38026
_d38026